Statistics for LDS (Mormon) Temples in Canada

Click here to take the quiz!

General Stats

  • This quiz has been taken 22 times
  • The average score is 7 of 8

Answer Stats

Answer% Correct
Toronto Ontario
100%
Vancouver British Columbia
100%
Calgary Alberta
94%
Edmonton Alberta
94%
Cardston Alberta
83%
Montreal Quebec
83%
Regina Saskatchewan
78%
Halifax Nova Scotia
67%

Score Distribution

Percentile by Number Answered

Percent of People with Each Score

Your Score History

You have not taken this quiz